|
|
|
|
| LEADER |
00000nam0a2200000 4500 |
| 001 |
51730 |
| 005 |
20231031040614.0 |
| 035 |
|
|
|a (RuTPU)RU\TPU\book\54156
|
| 090 |
|
|
|a 51730
|
| 100 |
|
|
|a 20030507d1975 km y0rusy50 ca
|
| 101 |
0 |
|
|a rus
|
| 102 |
|
|
|a RU
|
| 105 |
|
|
|a a z 001zy
|
| 200 |
1 |
|
|a Бесконтактные двигатели постоянного тока с постоянными магнитами
|f В. А. Балагуров, В. М. Гридин, В. К. Лозенко
|
| 210 |
|
|
|a Москва
|c Энергия
|d 1975
|
| 215 |
|
|
|a 127 с.
|c ил.
|
| 320 |
|
|
|a Библиогр.: с. 123-124.
|
| 610 |
1 |
|
|a бесконтактные двигатели
|
| 610 |
1 |
|
|a постоянные магниты
|
| 610 |
1 |
|
|a постоянный ток
|
| 610 |
1 |
|
|a оптимальное проектирование
|
| 610 |
1 |
|
|a схемы
|
| 610 |
1 |
|
|a транзисторные коммутаторы
|
| 675 |
|
|
|a 621.313.13
|v 3
|
| 700 |
|
1 |
|a Балагуров
|b В. А.
|g Владимир Александрович
|
| 701 |
|
1 |
|a Гридин
|b В. М.
|g Владимир Михайлович
|
| 701 |
|
1 |
|a Лозенко
|b В. К.
|g Валерий Константинович
|
| 801 |
|
1 |
|a RU
|b 63413507
|c 20030507
|g PSBO
|
| 801 |
|
2 |
|a RU
|b 63413507
|c 20201013
|g PSBO
|
| 942 |
|
|
|c BK
|